000 00687nam a2200205Ia 4500
003 GCL
008 140319s9999 xx 000 0 ara d
020 _a052829953
040 _aGCL /
_cGCL
082 0 4 _a370.7
_bم ا
100 1 _aمحمد جواد رضا
245 1 0 _aالاصلاح التربوى العربى خارطة طريق /
_cمحمد جواد رضا
250 _aالاولى
260 _aبيروت :
_bمركز دراسات الوحدة العربية ،
_c2006
300 _a130 ص ؛
_c23 سم
650 0 4 _aالتربية والتعليم
650 0 4 _aالتعليم - اغراضه واهدافه
650 0 4 _aالتعليم - اصلاح
942 _2ddc
_cBK
999 _c7875
_d7875